000
00243nam a2200097Ia 4500
001
715299
005
20250826162922.0
008
250824s9999 xx 000 0 und d
245
0
_a
KAYIP GÖLGELER KENTİ
_c
NAZLI ERAY
260
_b
EVEREST YAYINLARI
999
_c
715299
_d
715299